000 00496nam a2200193Ia 4500
003 OSt
005 20250108122712.0
008 210210b1997 xxu||||| |||| 00| 0 eng d
040 _cAL
041 _aKannada
082 _aK894.3 MALD
100 _aMALATI (E P).
_944159
_dಮಾಲತಿ (ಇ ಪಿ)
245 _aDeva
_b ದೇವ
260 _aPutturu
_bKannada Prapancha Prakashana
_c1997
300 _aiv,120
690 _aKannada Fiction
_944160
906 _a052022
942 _2ddc
_cBK
999 _c100286
_d100286